Transforming personality / (Record no. 57436)

MARC details
000 -LEADER
fixed length control field 00945nam a22002777a 4500
005 - DATE AND TIME OF LATEST TRANSACTION
control field 2011101002132.0
008 - FIXED-LENGTH DATA ELEMENTS--GENERAL INFORMATION
fixed length control field 111010t xxu||||| |||| 00| 0 eng d
010 ## - LCCN (DPL NO)
LC control number ENG-103915
020 ## - INTERNATIONAL STANDARD BOOK NUMBER
International Standard Book Number 9780230330023
Terms of availability 285.00
020 ## - INTERNATIONAL STANDARD BOOK NUMBER
International Standard Book Number 0230330029
Terms of availability 285.00
035 ## - SYSTEM CONTROL NUMBER
System control number EN-87448
037 ## - SOURCE OF ACQUISITION
Source of stock number/acquisition DBAD / PUB
040 ## - CATALOGING SOURCE
Original cataloging agency dpl
Language of cataloging Eng
082 ## - DEWEY DECIMAL CLASSIFICATION NUMBER
Classification number 155.26
100 ## - MAIN ENTRY--PERSONAL NAME
9 (RLIN) 24913
Personal name Parthasarathy, Swami
245 ## - TITLE STATEMENT
Title Transforming personality /
Statement of responsibility, etc by Swami Parthasarathy
250 ## - EDITION STATEMENT
Edition statement 2nd ed
260 ## - PUBLICATION, DISTRIBUTION, ETC. (IMPRINT)
Place of publication, distribution, etc New Delhi
Name of publisher, distributor, etc Macmillan Publishers
Date of publication, distribution, etc 2011
270 ## - ADDRESS
Address 2/10, Ansari Road, Daryaganj
City New Delhi
Postal code 110002
300 ## - PHYSICAL DESCRIPTION
Extent xiv,270p.
Dimensions 24cm (pbk)
500 ## - GENERAL NOTE
General note Includes bibliographical references and index
650 ## - SUBJECT ADDED ENTRY--TOPICAL TERM
9 (RLIN) 35248
700 ## - ADDED ENTRY--PERSONAL NAME
9 (RLIN) 24920
942 ## - ADDED ENTRY ELEMENTS (KOHA)
Source of classification or shelving scheme Dewey Decimal Classification
Item type English Books
Call number suffix PAR
Classification part 155.26
Holdings
Withdrawn status Lost status Source of classification or shelving scheme Damaged status Not for loan Collection code Home library Current library Date acquired Source of acquisition Cost, normal purchase price Total Checkouts Full call number Barcode Date last seen Copy number Cost, replacement price Koha item type
    Dewey Decimal Classification     Non-fiction Shahdara Branch Shahdara Branch 10/10/2011 DBAD/PUB 285.00 1 155.26 PAR EN-87448 04/01/2019 1 285.00 English Books

© Delhi Public Library
Hit Counter
free hit counter